The microbes

Saved in:
Bibliografiske detaljer
Main Authors: Lechevalier, Hubert A (Author), Pramer, David (Author)
Format: Bog
Sprog:engelsk
Udgivet: Filadelfia J.B. Lippincott 1971
Fag:
Tags: Tilføj Tag
Ingen Tags, Vær først til at tagge denne postø!

MARC

LEADER 00000nam a2200000 a 4500
001 UCX8486
003 CL-VaPUC
008 940406e19710000US |||||||||||||||||eng|d
082 0 4 |a 576  |b LEC  |2 21 
100 |a Lechevalier, Hubert A  |e author  |9 326671 
700 0 |a Pramer, David  |e author  |9 325618 
245 1 4 |a The microbes 
300 |a 507 p 
942 |c BK 
945 |d 19940406 00:00:00  |a mfernand 
260 |a Filadelfia  |b J.B. Lippincott  |c 1971 
650 0 |a Microbiología   |9 259706 
650 0 |a Microorganismos  |9 264259 
583 |a last modification  |c 19940406 00:00:00  |k Rodrigo Vera 
999 |c 227976  |d 227974 
952 |0 0  |1 0  |4 0  |6 576_000000000000000_LEC_1971  |7 0  |8 A  |9 227503  |a BIBALI  |b BIBALI  |c GEN  |d 2019-11-15  |i 2965690  |o 576 LEC 1971  |p 2965690  |r 2025-01-20  |w 2019-11-15  |y BK  |k ALI